| 000 | 00425nam a22001457a 4500 | ||
|---|---|---|---|
| 005 | 20241109131446.0 | ||
| 008 | 241109b |||||||| |||| 00| 0 eng d | ||
| 020 | _a9780072429398 | ||
| 050 |
_aTS155. _bS334 SCH |
||
| 100 | _aSchroeder, Roger G. | ||
| 245 |
_aOperations management; _bContemporary concepts and cases |
||
| 260 |
_aBoston _bMcGraw-Hill Higher Education _cc2000 |
||
| 300 |
_axxii, 492p _bill.; |
||
| 942 |
_2lcc _cBK _n0 |
||
| 999 |
_c955 _d955 |
||